| 000 | 00000nam##2200000za#4500 |
| 001 | 9.569980 |
| 003 | CaOODSP |
| 005 | 20210624182026 |
| 007 | cr ||||||||||| |
| 008 | 150406|2006||||xxc|||||o f|0| 0 eng|d |
| 040 | |aCaOODSP|beng |
| 043 | |an-cn--- |
| 086 | 1 |aNH18-1-2/136-1-2006E-PDF |
| 110 | 2 |aCanada Mortgage and Housing Corporation. |
| 245 | 10|aHousehold environmental monitoring project. Volume 1, Main report / |h[electronic resource]|cprepared by Jane Thompson ... [et al.]. |
| 246 | 1 |iOn title page : |aThe household environmental monitoring project |
| 260 | |aOttawa - Ontario : |bCanada Mortgage and Housing Corporation |cJanuary 2006. |
| 300 | |a38p.|bgraphs, tables |
| 490 | 1 |aResearch report |
| 500 | |aFor Volume 2, Appendices see NH18-1-2/136-2-2006E-PDF. |
| 546 | |a(Résumé en français.) |
| 590 | |a11-26-Supp|b2011-11-03 |
| 720 | 1 |aThompson, Jane |
| 830 | #0|aResearch report (Canada Mortgage and Housing Corporation : Online)|w(CaOODSP)9.506068 |
| 856 | 40|ahttp://publications.gc.ca|qPDF|s427 KB|uhttps://publications.gc.ca/collections/collection_2011/schl-cmhc/nh18-1-2/NH18-1-2-136-1-2006-eng.pdf |